| 000 | 00511nam a22001457a 4500 | ||
|---|---|---|---|
| 082 | _a620.005 | ||
| 100 | _aHussan, Nadia | ||
| 245 |
_aImplementation of Knowledge Sharing (KS) in Higher Education Institutes (HEIs) of Pakistan / _cNadia Hussan. |
||
| 260 |
_aIslamabad: _bCEME - NUST, _c2013. |
||
| 300 |
_a112 p. : _bill. ; _c30cm. |
||
| 650 |
_aEngineering Management MS-Thesis. _916065 |
||
| 700 |
_aDr. Akhtar Nawaz Malik _916099 |
||
| 942 |
_2ddc _cTHE |
||
| 999 |
_c536502 _d536502 |
||